[Event "POL-ch U18 Girls"]
[Site "Szklarska Poreba"]
[Date "2016.03.16"]
[Round "5"]
[White "Fraczek, Weronika"]
[Black "Bebel, Agnieszka"]
[Result "1-0"]
[WhiteElo "1825"]
[BlackElo "1706"]
[PlyCount "79"]
[EventDate "2016.03.13"]
[EventType "swiss"]
[EventRounds "9"]
[EventCountry "POL"]
[SourceTitle "EXT 2018"]
[Source "ChessBase"]
[SourceDate "2017.10.13"]
[SourceVersion "1"]
[SourceVersionDate "2017.10.13"]
[SourceQuality "1"]

1. e4 c5 2. Nf3 e6 3. d3 Nc6 4. g3 g6 5. Bf4 d6 6. Nbd2 Bg7 7. Nc4 e5 8. Bd2 Nge7 9. Bg2 0-0 10. Qc1 Be6 11. Bh6 b5 12. Na3 a6 13. h4 Bg4 14. h5 gxh5 15. Ng1 Re8 16. f3 Be6 17. Qg5 Ng6 18. Qxh5 Bxh6 19. Qxh6 Qf6 20. Nh3 Bxh3 21. Rxh3 Qg7 22. Qe3 Kf8 23. 0-0-0 Ke7 24. Rdh1 Nf8 25. Nb1 Nd4 26. Nc3 Rab8 27. Nd5+ Kd7 28. Rh4 Kc6 29. Rg4 Ng6 30. c3 f5 31. exf5 Nxf5 32. Qe4 Qf7 33. Ne3+ Kb6 34. Qxf5 Qxa2 35. Rxh7 Ne7 36. Qe4 d5 37. Qxe5 Rb7 38. Qd6+ Nc6 39. Rxb7+ Kxb7 40. Qd7+ 1-0

[Event "POL-ch U18 Girls"]
[Site "Szklarska Poreba"]
[Date "2016.03.15"]
[Round "3"]
[White "Bebel, Agnieszka"]
[Black "Godek, Martyna"]
[Result "1-0"]
[WhiteElo "1706"]
[BlackElo "1483"]
[PlyCount "85"]
[EventDate "2016.03.13"]
[EventType "swiss"]
[EventRounds "9"]
[EventCountry "POL"]
[SourceTitle "EXT 2018"]
[Source "ChessBase"]
[SourceDate "2017.10.13"]
[SourceVersion "1"]
[SourceVersionDate "2017.10.13"]
[SourceQuality "1"]

1. e4 e5 2. Nf3 Nc6 3. Bb5 Bc5 4. c3 d6 5. d4 exd4 6. cxd4 Bb4+ 7. Bd2 Bxd2+ 8. Nbxd2 Bd7 9. 0-0 Nge7 10. Rc1 0-0 11. h3 Ng6 12. Re1 Nf4 13. e5 dxe5 14. dxe5 Nb4 15. Bxd7 Qxd7 16. Re4 Nbd3 17. Nb3 Qf5 18. Rcc4 Nxb2 19. Qd4 Nxc4 20. Rxf4 Qb1+ 21. Kh2 Nb6 22. Rg4 Rad8 23. Qf4 Kh8 24. Nbd4 Nd5 25. Qg3 g6 26. h4 h5 27. Rg5 Qe4 28. e6 Rd6 29. Nf5 Qf4 30. Nxd6 Qxg3+ 31. Kxg3 cxd6 32. Rxd5 fxe6 33. Rxd6 b6 34. Rxe6 Kg7 35. Ne5 Rf6 36. Re7+ Kg8 37. Rxa7 Rd6 38. Ra6 Re6 39. Nd7 Kf7 40. Nxb6 Rc6 41. a4 Ke6 42. a5 Kd6 43. Nc4+ 1-0

[Event "Marianske Lazne op 14th"]
[Site "Marianske Lazne"]
[Date "2015.01.24"]
[Round "9"]
[White "Bebel, Agnieszka"]
[Black "Kuhn, Morten"]
[Result "1/2-1/2"]
[WhiteElo "1627"]
[BlackElo "1862"]
[PlyCount "82"]
[EventDate "2015.01.17"]
[EventType "swiss"]
[EventRounds "9"]
[EventCountry "CZE"]
[SourceTitle "CBM 164 Extra"]
[Source "ChessBase"]
[SourceDate "2015.03.02"]
[SourceVersion "1"]
[SourceVersionDate "2015.03.02"]
[SourceQuality "1"]

1. e4 d5 2. exd5 Qxd5 3. Nc3 Qd6 4. d4 Nf6 5. Nf3 c6 6. g3 Bg4 7. Bg2 Na6 8. 0-0 h5 9. h3 h4 10. Bf4 Bxf3 11. Bxf3 Qb4 12. Qd3 hxg3 13. Bxg3 Rxh3 14. Kg2 Rh6 15. Rh1 Rxh1 16. Rxh1 e6 17. Bxc6+ bxc6 18. Qxa6 Qb6 19. Qa4 0-0-0 20. Rh8 Be7 21. Rxd8+ Kxd8 22. b3 Nh5 23. Be5 f6 24. Bh2 g5 25. Qc4 Kd7 26. Ne2 Ng7 27. Qd3 Nf5 28. c4 Qa5 29. Nc3 Nh4+ 30. Kf1 Qf5 31. Qxf5 Nxf5 32. d5 cxd5 33. cxd5 e5 34. f3 Nd4 35. Kg2 a6 36. Bg1 Nb5 37. Ne4 Nc7 38. d6 Bxd6 39. Nxf6+ Ke6 40. Ne4 Be7 41. Be3 Kf5 1/2-1/2

[Event "Marianske Lazne op 14th"]
[Site "Marianske Lazne"]
[Date "2015.01.21"]
[Round "6"]
[White "Dadello, Aleksandra"]
[Black "Bebel, Agnieszka"]
[Result "1-0"]
[WhiteElo "2032"]
[BlackElo "1627"]
[PlyCount "83"]
[EventDate "2015.01.17"]
[EventType "swiss"]
[EventRounds "9"]
[EventCountry "CZE"]
[SourceTitle "CBM 164 Extra"]
[Source "ChessBase"]
[SourceDate "2015.03.02"]
[SourceVersion "1"]
[SourceVersionDate "2015.03.02"]
[SourceQuality "1"]

1. e4 c5 2. Nf3 e6 3. d4 cxd4 4. Nxd4 a6 5. Bd3 Qc7 6. Qe2 d6 7. Be3 Nf6 8. Nd2 Be7 9. 0-0-0 Nbd7 10. f4 b5 11. g4 Nc5 12. g5 Nfd7 13. Kb1 Bb7 14. f5 d5 15. fxe6 fxe6 16. exd5 Bxd5 17. Qh5+ Kd8 18. Rhf1 e5 19. N4b3 Nxd3 20. cxd3 g6 21. Qg4 Rc8 22. Rc1 Qb7 23. Ne4 Rxc1+ 24. Rxc1 Bxb3 25. axb3 Qd5 26. d4 exd4 27. Rd1 d3 28. Nc3 Qf5 29. Qd4 Qe5 30. Qxd3 Qf5 31. Ne4 Rf8 32. Ka2 b4 33. Bb6+ Ke8 34. Re1 Ne5 35. Nd6+ Kd7 36. Nxf5+ Nxd3 37. Rxe7+ Kc6 38. Re6+ Kd5 39. Rd6+ Ke5 40. Rxd3 Rxf5 41. h4 Ke4 42. Rd4+ 1-0

[Event "Wroclaw op 9th"]
[Site "Wroclaw"]
[Date "2014.06.29"]
[Round "1"]
[White "Bebel, Agnieszka"]
[Black "Logallo, Claudio"]
[Result "0-1"]
[WhiteElo "1524"]
[BlackElo "2074"]
[PlyCount "68"]
[EventDate "2014.06.29"]
[EventType "swiss"]
[EventRounds "9"]
[EventCountry "POL"]
[SourceTitle "EXT 2015"]
[Source "ChessBase"]
[SourceDate "2014.11.20"]
[SourceVersion "1"]
[SourceVersionDate "2014.11.20"]
[SourceQuality "1"]

1. e4 c5 2. Nf3 d6 3. d4 cxd4 4. Nxd4 Nf6 5. f3 e5 6. Bb5+ Nbd7 7. Nf5 d5 8. exd5 a6 9. Be2 b5 10. Be3 Nb6 11. Ng3 Nbxd5 12. Qd2 Nxe3 13. Qxe3 Qc7 14. Nd2 Be6 15. Nb3 Be7 16. 0-0 0-0 17. Kh1 Nd5 18. Qd2 Rfd8 19. c3 Nb4 20. Qc1 Nxa2 21. Rxa2 Bxb3 22. Ra1 h6 23. Ne4 f5 24. Ng3 Bg5 25. Qe1 g6 26. Ra3 Bd5 27. Qa1 Bb7 28. Bd1 h5 29. Bb3+ Kg7 30. Re1 h4 31. Ne2 h3 32. Rf1 hxg2+ 33. Kxg2 Rd2 34. Bd1 e4 0-1

[Event "Wroclaw op-B 8th"]
[Site "Wroclaw"]
[Date "2013.07.07"]
[Round "7"]
[White "Bebel, Agnieszka"]
[Black "Wieczorek, Bruno"]
[Result "1-0"]
[WhiteElo "1507"]
[BlackElo "1463"]
[PlyCount "43"]
[EventDate "2013.07.01"]
[EventType "swiss"]
[EventRounds "9"]
[EventCountry "POL"]
[SourceTitle "EXT 2014"]
[Source "ChessBase"]
[SourceDate "2013.11.20"]
[SourceVersion "1"]
[SourceVersionDate "2013.11.20"]
[SourceQuality "1"]

1. e4 c5 2. Nf3 d6 3. d4 cxd4 4. Nxd4 Nf6 5. f3 g6 6. c4 Bg7 7. Nc3 Nc6 8. Be3 0-0 9. Qd2 a6 10. Be2 Qc7 11. 0-0 Ne5 12. b3 Bd7 13. Rfd1 Rfc8 14. Rac1 Qa5 15. h3 Rab8 16. Nc2 Nc6 17. a3 Qc7 18. Bf1 Na5 19. Qf2 Nxb3 20. Bb6 Qc6 21. Nb4 Qa4 22. Nxa4 1-0

[Event "POL-chT U19 2nd League"]
[Site "Borowice"]
[Date "2012.07.23"]
[Round "3"]
[White "Bebel, Agnieszka"]
[Black "Marchlewicz, Artur"]
[Result "0-1"]
[WhiteElo "1449"]
[BlackElo "1677"]
[PlyCount "106"]
[EventDate "2012.07.21"]
[EventType "team-swiss"]
[EventRounds "11"]
[EventCountry "POL"]
[SourceTitle "EXT 2014"]
[Source "ChessBase"]
[SourceDate "2013.11.20"]
[SourceVersion "1"]
[SourceVersionDate "2013.11.20"]
[SourceQuality "1"]
[WhiteTeam "Wroclaw KS Polonia U19"]
[BlackTeam "Bydgoszcz Hetman U19"]
[WhiteTeamCountry "POL"]
[BlackTeamCountry "POL"]

1. e4 c5 2. Nf3 d6 3. d4 cxd4 4. Nxd4 Nf6 5. f3 a6 6. c4 e5 7. Nc2 Be7 8. Nc3 Be6 9. Be3 0-0 10. Be2 Qc7 11. b3 Nbd7 12. 0-0 Rfc8 13. Nb4 Qa5 14. a3 Qc7 15. Rc1 Re8 16. Qe1 Nc5 17. Rb1 h6 18. Qf2 Rab8 19. Rfc1 Qa5 20. Nd3 Qc7 21. Nxc5 dxc5 22. Nd5 Bxd5 23. cxd5 Nd7 24. b4 Rec8 25. Qg3 Kh7 26. f4 Bd6 27. f5 b5 28. Qh4 c4 29. Rc3 Qd8 30. Qh5 Qe7 31. Bf3 Nf6 32. Qh3 Nd7 33. g4 Kg8 34. Qg3 f6 35. h4 Nb6 36. g5 Nxd5 37. exd5 e4 38. Qg4 exf3 39. gxh6 Rb7 40. Qxf3 Qe5 41. Rc2 gxh6 42. Rg2+ Rg7 43. Re1 Qh2+ 44. Kf1 Qh1+ 45. Bg1 Qxh4 46. Rxg7+ Kxg7 47. Qg2+ Qg5 48. Qc2 Qf4+ 49. Bf2 Kf7 50. Qe2 Qxf5 51. Rd1 Re8 52. Qb2 Be5 53. Qa2 Qf3 0-1

[Event "Wroclaw op-C 7th"]
[Site "Wroclaw"]
[Date "2012.07.04"]
[Round "5"]
[White "Szulc, Patrycja"]
[Black "Bebel, Agnieszka"]
[Result "0-1"]
[WhiteElo "1412"]
[BlackElo "1449"]
[PlyCount "42"]
[EventDate "2012.07.02"]
[EventType "tourn"]
[EventRounds "9"]
[EventCountry "POL"]
[SourceTitle "EXT 2013"]
[Source "ChessBase"]
[SourceDate "2012.11.22"]
[SourceVersion "1"]
[SourceVersionDate "2012.11.22"]
[SourceQuality "1"]

1. e4 e5 2. Nf3 Nc6 3. Bc4 Bc5 4. c3 Nf6 5. d4 exd4 6. e5 d5 7. Bb5 Ne4 8. cxd4 Bb6 9. 0-0 Bg4 10. h3 Bh5 11. Be3 0-0 12. Bxc6 bxc6 13. Nc3 f5 14. Na4 f4 15. Nxb6 cxb6 16. Bc1 Ng5 17. Re1 Bxf3 18. gxf3 Nxh3+ 19. Kh2 Qh4 20. Qe2 Ng5+ 21. Kg1 Qh3 0-1

[Event "Solina Mind Sports U14 Girls op "]
[Site "Solina"]
[Date "2012.04.20"]
[Round "8"]
[White "Posuniak, Weronika"]
[Black "Bebel, Agnieszka"]
[Result "0-1"]
[WhiteElo "1505"]
[BlackElo "1377"]
[PlyCount "116"]
[EventDate "2012.04.15"]
[EventType "swiss"]
[EventRounds "9"]
[EventCountry "POL"]
[SourceTitle "EXT 2014"]
[Source "ChessBase"]
[SourceDate "2013.11.20"]
[SourceVersion "1"]
[SourceVersionDate "2013.11.20"]
[SourceQuality "1"]

1. f4 d5 2. Nf3 Nf6 3. g3 b6 4. Bg2 Bb7 5. 0-0 e6 6. Ne5 Be7 7. b3 0-0 8. Bb2 c5 9. e3 Nc6 10. Nxc6 Bxc6 11. d3 Nd7 12. Nd2 Bf6 13. Bxf6 Nxf6 14. g4 Qc7 15. g5 Ne8 16. e4 Nd6 17. Qe2 Rae8 18. e5 Nf5 19. Rac1 Qb7 20. Bh3 Nd4 21. Qd1 Bd7 22. c3 Nc6 23. Qh5 Qa6 24. Rf3 Qxa2 25. Rf2 Qb2 26. Qd1 Na5 27. Ne4 Qxb3 28. Qxb3 Nxb3 29. Rb1 Na5 30. Nd2 Re7 31. Rg2 Bc6 32. Rg3 Rd8 33. Bf1 Rb7 34. h4 Be8 35. h5 b5 36. Bh3 Rb6 37. Kh2 b4 38. cxb4 cxb4 39. d4 Nc4 40. Nb3 a5 41. Nc5 Nd2 42. Re1 Ra8 43. g6 hxg6 44. hxg6 Ne4 45. Nxe4 dxe4 46. gxf7+ Bxf7 47. f5 exf5 48. Bxf5 Bd5 49. Reg1 Rh6+ 50. Bh3 Ra7 51. Kg2 b3 52. Rb1 a4 53. Rc3 a3 54. Rc8+ Kh7 55. Rh1 e3+ 56. Kg1 Bxh1 57. Kxh1 Rxh3+ 58. Kg2 Rh6 0-1

[Event "Solina Mind Sports U14 Girls op "]
[Site "Solina"]
[Date "2012.04.19"]
[Round "6"]
[White "Bebel, Agnieszka"]
[Black "Konopacka, Martyna"]
[Result "0-1"]
[WhiteElo "1377"]
[BlackElo "1669"]
[PlyCount "90"]
[EventDate "2012.04.15"]
[EventType "swiss"]
[EventRounds "9"]
[EventCountry "POL"]
[SourceTitle "EXT 2014"]
[Source "ChessBase"]
[SourceDate "2013.11.20"]
[SourceVersion "1"]
[SourceVersionDate "2013.11.20"]
[SourceQuality "1"]

1. e4 e5 2. Nf3 Nc6 3. Bb5 a6 4. Ba4 Nf6 5. d3 Bc5 6. Bxc6 dxc6 7. Be3 Bd6 8. Nbd2 h6 9. 0-0 0-0 10. Nc4 Qe7 11. h3 a5 12. a4 c5 13. Bd2 b6 14. Bc3 Nd7 15. Ne3 Nb8 16. Nh2 Be6 17. Nhg4 Nc6 18. Bd2 f5 19. Nh2 f4 20. Nd5 Qf7 21. Nc3 Qg6 22. Kh1 c4 23. Nb5 Rad8 24. Qf3 h5 25. Rad1 Qh6 26. g4 hxg4 27. Nxg4 Bxg4 28. Qxg4 Rf6 29. Kh2 Rg6 30. Qf3 Rf8 31. dxc4 Qh7 32. Rg1 Rh6 33. Rg5 Kh8 34. Rdg1 Rf7 35. Nxd6 cxd6 36. Bc3 Nd8 37. b4 Ne6 38. R5g4 axb4 39. Bb2 Rff6 40. c3 bxc3 41. Bxc3 Rh5 42. R1g2 Rfh6 43. R4g3 fxg3+ 44. Rxg3 Nf4 45. Kg1 Rxh3 0-1

[Event "Gora Sw Anny op 5th"]
[Site "Gora Sw Anny"]
[Date "2012.01.17"]
[Round "7"]
[White "Karleszko, Karolina"]
[Black "Bebel, Agnieszka"]
[Result "1-0"]
[WhiteElo "1586"]
[BlackElo "1390"]
[PlyCount "67"]
[EventDate "2012.01.11"]
[EventType "swiss"]
[EventRounds "9"]
[EventCountry "POL"]
[SourceTitle "CBM 146 Extra"]
[Source "ChessBase"]
[SourceDate "2012.02.29"]
[SourceVersion "1"]
[SourceVersionDate "2012.02.29"]
[SourceQuality "1"]

1. d4 d5 2. c4 e6 3. Nc3 Nf6 4. Nf3 Be7 5. cxd5 exd5 6. Bg5 0-0 7. e3 c6 8. Bd3 Nbd7 9. Qc2 Re8 10. Ne5 Nf8 11. 0-0 Ng6 12. f4 Qc7 13. Bxf6 Bxf6 14. Nxd5 Qd6 15. Nc3 Bd8 16. Ne4 Qc7 17. Rac1 Nxe5 18. fxe5 Be6 19. Nd6 Rf8 20. Bxh7+ Kh8 21. Be4 Bg5 22. Qe2 Qe7 23. Qh5+ Bh6 24. Rf3 Rad8 25. Bf5 Bxf5 26. Nxf5 Qe6 27. Rh3 Kh7 28. Nxh6 gxh6 29. Rf1 Qg6 30. Qf5 Qxf5 31. Rxf5 Kg7 32. Rg3+ Kh7 33. Rf6 Rd7 34. Rh3 1-0

[Event "POL-chT U19 3rd League Dolnoslaskie"]
[Site "Karpacz"]
[Date "2012.??.??"]
[Round "3.11"]
[White "Bebel, Agnieszka"]
[Black "Kozaczko, Aleksandra"]
[Result "1-0"]
[WhiteElo "1377"]
[BlackElo "1394"]
[PlyCount "153"]
[EventDate "2012.03.30"]
[EventType "team-tourn"]
[EventRounds "6"]
[EventCountry "POL"]
[SourceTitle "EXT 2015"]
[Source "ChessBase"]
[SourceDate "2014.11.20"]
[SourceVersion "1"]
[SourceVersionDate "2014.11.20"]
[SourceQuality "1"]
[WhiteTeam "Wroclaw KS Polonia U19 III"]
[BlackTeam "Wroclaw MUKS MDK Fabryczna U19"]
[WhiteTeamCountry "POL"]
[BlackTeamCountry "POL"]

1. e4 d5 2. exd5 Qxd5 3. Nc3 Qd6 4. d4 Nf6 5. Nf3 Bg4 6. Be2 e6 7. 0-0 Be7 8. Be3 0-0 9. Qd2 c6 10. h3 Bh5 11. Bf4 Qb4 12. Rab1 Rd8 13. a3 Qa5 14. Qe3 Rd7 15. Rfd1 Nd5 16. Nxd5 cxd5 17. Ne5 Bxe2 18. Qxe2 Rd8 19. Qh5 g6 20. Qf3 f6 21. Ng4 Nc6 22. Bh6 f5 23. Ne3 b5 24. g4 b4 25. axb4 Nxb4 26. gxf5 exf5 27. Kh1 Bf6 28. c3 Nc6 29. Rg1 Ne7 30. Nxf5 Nxf5 31. Qxf5 Kf7 32. Qf4 Qb6 33. h4 Qe6 34. Rg3 Qe4+ 35. Qxe4 dxe4 36. Rg4 Rd5 37. Bg5 Bxg5 38. hxg5 Re8 39. Re1 Rb5 40. Re2 a5 41. Kg2 Re6 42. Kh3 Rf5 43. Rh4 Kg7 44. Rg4 Rf3+ 45. Kh2 Rf5 46. c4 Kf7 47. d5 Ree5 48. Kh3 Rxg5 49. Rxg5 Rxg5 50. Rxe4 Rf5 51. Kg3 h5 52. f4 g5 53. fxg5 Rxg5+ 54. Kh3 Rf5 55. Kg3 Kg6 56. Re6+ Kg5 57. d6 h4+ 58. Kg2 Rf4 59. d7 Rd4 60. Re7 Kf6 61. Rh7 Kg5 62. c5 Kg6 63. Rxh4 Rxd7 64. Rf4 Rd2+ 65. Rf2 Rd5 66. Rc2 Kf6 67. Kf3 Ke7 68. Ke4 Rd7 69. Ke5 Rc7 70. c6 Kd8 71. Kd6 Rg7 72. Re2 Rg6+ 73. Re6 Rg2 74. c7+ Kc8 75. Re8+ Kb7 76. c8Q+ Kb6 77. Qc6+ 1-0